| Tag |
First Indicator |
Second Indicator |
Subfields |
| LEADER |
00000cam a2200000Ii 4500 |
| 001 |
in00004448821 |
| 008 |
200831s2020 mau 000 p eng d |
| 005 |
20250318214211.6 |
| 020 |
|
|
|a 9781946482372
|
| 020 |
|
|
|a 1946482374
|q paperback
|
| 035 |
|
|
|a (OCoLC)on1191239802
|
| 035 |
|
|
|a (OCoLC)1191239802
|
| 040 |
|
|
|a YDX
|b eng
|e rda
|c YDX
|d YDXIT
|d OCLCO
|
| 050 |
|
4 |
|a PS3619.C486
|b W43 2020
|
| 082 |
0 |
4 |
|a 811.6
|2 23
|
| 100 |
1 |
|
|a Schultz, Matthew,
|e author.
|
| 245 |
1 |
0 |
|a What came before /
|c Matthew Schultz.
|
| 250 |
|
|
|a First paperback edition.
|
| 264 |
|
1 |
|a North Adams, Massachusetts :
|b Tupelo Press,
|c [2020]
|
| 300 |
|
|
|a 156 pages ;
|c 23 cm
|
| 336 |
|
|
|a text
|b txt
|2 rdacontent
|
| 337 |
|
|
|a unmediated
|b n
|2 rdamedia
|
| 338 |
|
|
|a volume
|b nc
|2 rdacarrier
|
| 655 |
|
7 |
|a Poetry.
|2 lcgft
|
| 852 |
8 |
|
|b pda,print
|z This title is available for the library to purchase for your use. Click the "Purchase It For Me" button to place a request. This item may take 5-10 business days to arrive.
|
| 955 |
|
|
|a Print PDA title
|
| 999 |
f |
f |
|s e4e85814-076e-4c01-aa70-29c07052ffa9
|i 29961000-8c50-3926-9acd-4fca1b12f01b
|t 0
|
| 952 |
f |
f |
|a Texas A&M University
|b College Station
|c Sterling C. Evans Library
|d Purchase on Demand
|t 0
|e PS3619.C486 W43 2020
|h Library of Congress classification
|
| 998 |
f |
f |
|a PS3619.C486 W43 2020
|t 0
|l Purchase on Demand
|